000 00485nam a2200181Ia 4500
008 230917s9999||||xx |||||||||||||| ||und||
020 _cUSD168.4
040 _e230636
_aMAIN
041 _aEnglish
082 _a647.94 G795H(4)
100 _aGray, William S
245 0 _aHotel and motel management and oprations
250 _a4th ed.
260 _aNew Jersey
_bPearson
_c2003
300 _axiv, 412 p.
500 _a2259 20/01/2016 HBD15/1524 25/01/2016 IHTM (SFS)
942 _cBK
999 _c17462
_d17462